000 00850nam a2200277 i 4500
003 DO-SdBNP
005 20250428145739.0
007 ta
008 250428b2014 dr |||| |||| 00| 0 spa d
020 _a9789945489897
040 _aDO-SdBNP
_bspa
_cBNPHU
_erda
041 _hspa
082 4 _axxx
_bxxx
_222
100 _aJones, Jonny,
_eautor
_4aut.
_987555
245 1 0 _aClub de tocayos /
_cJonny Jones ; prólogo, Julio Amado Castaño Guzmán
250 _aTercera edición
264 1 _aSanto Domingo :
_bEditorial Santuario,
_c2014.
300 _a241 páginas ;
_c23 cm.
336 _atexto
_btxt
_2rdacontent
337 _asin mediación
_bn
_2rdamedia
338 _avolumen
_bnc
_2rdacarrier
590 _aInventariado, 2025/BT
700 1 _aJulio Amado Castaño Guzmán,
_eprologuista
_4pr.
_986482
910 _aBtavárez
942 _2ddc
_cLBS1
999 _c58830
_d58830